Racionalizácia výroby modelových zariadení v Zlievárni Trnava s.r.o.

Saved in:
Bibliographic Details
Main Author: Mrva, Richard, 1984- (Author)
Other Authors: Tabaček, Pavol, 1974- (xxx)
Format: Manuscript Book
Language:Slovak
Published: STU v Bratislave MTF UVTE KOM, 2010
Online Access:VAIS
Tags: Add Tag
No Tags, Be the first to tag this record!

MARC

LEADER 00000ntm a22000003a 4500
001 stu206321
005 20160719160250.1
008 100702s2010------------------------slo-d
040 |a STU  |b slo 
041 0 |a slo 
100 1 |a Mrva, Richard,  |d 1984-  |4 aut  |X 34900  |7 A000034900 
242 0 0 |a Rationalization of production facilities model of the company Zlievaren Trnava s.r.o.  |y eng 
245 1 |a Racionalizácia výroby modelových zariadení v Zlievárni Trnava s.r.o. 
260 |b STU v Bratislave MTF UVTE KOM,  |c 2010 
700 1 |a Tabaček, Pavol,  |d 1974-  |4 xxx  |X 54728  |7 A000054728 
856 4 |a info a plný text  |u http://is.stuba.sk/zp/portal_zp.pl?podrobnosti=63256  |3 VAIS 
996 |c M*DP-9049  |l MMSKP  |s P  |a 0  |w stu206321_0001